An introduction to the philosophy of mathematics / (رقم التسجيلة. 33372)

تفاصيل مارك
000 -الفاتح
حقل البيانات ثابتة الطول 02453cam a2200337 i 4500
001 - رقم الضبط
رقم الضبط 17174902
003 - محدد رقم الضبط
رقم الضبط OSt
005 - وقت وتاريخ اخر تعامل مع التسجيلة
رقم الضبط 20150408114205.0
008 - عناصر البيانات ثابتة الطول - معلومات عامة
حقل البيانات ثابتة الطول 120221s2012 enk b 001 0 eng
010 ## - رقم ضبط مكتبة الكونجرس
رقم ضبط مكتبة الكونجرس 2012007499
020 ## - الرقم الدولى المعيارى للكتب
الرقم الدولى المعيارى للكتاب 9780521826020 (hardback)
020 ## - الرقم الدولى المعيارى للكتب
الرقم الدولى المعيارى للكتاب 9780521533416 (paperback)
040 ## - مصدر الفهرسة
وكالة الفهرسة الأصلية DLC
لغة الفهرسة eng
وكالة النسخ DLC
قواعد الوصف rda
وكالة التعديل DLC
042 ## - رمز التحقق
رمز التحقق pcc
050 00 - رقم طلب مكتبة الكونجرس
رقم التصنيف QA8.4
رقم المادة .C654 2012
082 00 - رقم تصنيف ديوى العشرى
رقم التصنيف 510.1
رقم الطبعة 23
رقم المادة CMI
084 ## - رقم تصنيف آخر
رقم التصنيف SCI075000
مصدر الرقم bisacsh
100 1# - المدخل الرئيسى - إسم شخصى
الإسم الشخصى Colyvan, Mark.
9 (RLIN) 42511
245 13 - بيان العنوان
العنوان An introduction to the philosophy of mathematics /
بيان المسئوليه,etc Mark Colyvan, University of Sydney.
300 ## - الوصف المادى
التعداد ix, 188 pages ;
أبعاد الوعاء 26 cm.
490 0# - بيان السلسلة
عنوان السلسلة Cambridge introductions to philosophy
504 ## - تبصرة ببليوجرافية
تبصرة ببليوجرافية,الخ Includes bibliographical references and index.
505 8# - تبصرة محتويات-الفهرس
تبصرة المحتويات المصاغة Machine generated contents note: 1. Mathematics and its philosophy; 2. The limits of mathematics; 3. Plato's heaven; 4. Fiction, metaphor, and partial truths; 5. Mathematical explanation; 6. The applicability of mathematics; 7. Who's afraid of inconsistent mathematics?; 8. A rose by any other name; 9. Epilogue: desert island theorems.
520 ## - التبصرة الخاصة بالتعليق أو التلخيص
ملخص,الخ "This introduction to the philosophy of mathematics focuses on contemporary debates in an important and central area of philosophy. The reader is taken on a fascinating and entertaining journey through some intriguing mathematical and philosophical territory, including such topics as the realism/anti-realism debate in mathematics, mathematical explanation, the limits of mathematics, the significance of mathematical notation, inconsistent mathematics and the applications of mathematics. Each chapter has a number of discussion questions and recommended further reading from both the contemporary literature and older sources. Very little mathematical background is assumed and all of the mathematics encountered is clearly introduced and explained using a wide variety of examples. The book is suitable for an undergraduate course in philosophy of mathematics and, more widely, for anyone interested in philosophy and mathematics"--
650 #0 - المدخل الاضافى بالموضوع-مصطلح موضوعى
مصطلح موضوعي أو اسم جغرافي كعنصر مدخل Mathematics
التقسيم الفرعي العام Philosophy.
9 (RLIN) 8982
650 #7 - المدخل الاضافى بالموضوع-مصطلح موضوعى
مصطلح موضوعي أو اسم جغرافي كعنصر مدخل SCIENCE / Philosophy & Social Aspects.
مصدر الرأس أو المصطلح bisacsh
9 (RLIN) 42512
856 42 - الوصول و الموقع الالكترونى
مواد محددة Cover image
معرف المصدر الموحد <a href="http://assets.cambridge.org/97805218/26020/cover/9780521826020.jpg">http://assets.cambridge.org/97805218/26020/cover/9780521826020.jpg</a>
906 ## - عنصر بيانات محلى F, LDF (RLIN)
a 7
b cbc
c orignew
d 1
e ecip
f 20
g y-gencatlg
942 ## - عناصر المدخل الإضافي( كوها)
مصدر التصنيف او مخطط الترفيف Dewey Decimal Classification
Koha [default] item type DVD
المقتنيات
حالة الفقد نموذج السعر الفعال حالة تلف ليس للاعارة رقم الطلب تاريخ الاكتساب الموقع الحالي الفرع الرئيسي Date last seen نوع المادة فى نظام كوها مصدر التصنيف او خطة الترفيف Total Checkouts
  2014-01-27     510.1 CMI 2014-01-27 المكتبة المركزية بالمجمعة (CL) المكتبة المركزية بالمجمعة (CL) 2014-01-27 كتاب Dewey Decimal Classification